00383nam a2200157Ia 4500008004100000020001500041082001800056100001800074245003000092250000800122260002700130300000800157500002400165650001600189700002000205230524s9999 xx 000 0 und d a8125914358 a621.3821bSAL aS.Salivahanam 0aDigital Circuits & Design a2nd aNEW DELHIbVikasc2003 a588 aQuantity Number: 2 aElectronics a S. Arivazhagan